[Event "AUTO-OPEN-4057"]
[Site "http://www.queenalice.com/game.php?id=1570591"]
[Date "2019.5.12"]
[Round "1"]
[White "lafaiete777"]
[Black "Canaye"]
[Result "0-1"]
[WhiteElo "1100"]
[BlackElo "1879"]

1. e4 e6 2. d4 d5 3. f3 c5 4. Bb5+ Bd7 5. Na3 Nc6 6. Nh3 Nxd4 7. c3 Nxb5 8. Nb1
Nf6 9. Bg5 Be7 10. O-O dxe4 11. Nd2 e3 12. Bxe3 b6 13. c4 Nd6 14. Bg5 h6 15. Bf4
g5 16. Bg3 Nf5 17. Bf2 Rg8 18. Ne4 Nxe4 19. fxe4 Nd6 20. Rc1 Nxe4 21. Be1 g4 22.
Nf2 f5 23. h3 gxh3 24. Nxh3 Nf6 25. Bh4 Bc6 26. Qe1 Qd4+ 27. Kh2 Rxg2+ 28. Kh1
Rxb2+ 29. Rf3 Bxf3# 0-1

[Event "AUTO-OPEN-4057"]
[Site "http://www.queenalice.com/game.php?id=1570618"]
[Date "2019.5.12"]
[Round "1"]
[White "lafaiete777"]
[Black "FabioDavid"]
[Result "0-1"]
[WhiteElo "1384"]
[BlackElo "2417"]

1. e4 e5 2. Nc3 Nc6 3. f3 Nf6 4. d3 d5 5. Bg5 d4 6. Na4 b5 7. Nc5 Bxc5 8. Qd2 a5
9. h4 h6 10. Bxf6 Qxf6 11. Ne2 Bb4 12. c3 dxc3 13. bxc3 Bc5 14. Rd1 O-O 15. d4
exd4 16. Qf4 Qxf4 17. Nxf4 dxc3 18. Bxb5 Nd4 19. Bc4 Nc2+ 20. Ke2 Ne3 21. Nd3
Nxd1 22. Rxd1 Ba3 23. Bb3 Ba6 24. Ke3 Bxd3 25. Rxd3 Bb2 26. Rd5 a4 27. Bc2 Rfd8
28. f4 Rxd5 29. exd5 Rd8 30. Ke4 f5+ 31. Kd4 c6 32. Ke3 Rxd5 33. Kf3 Rd2 34.
Bxa4 c2 35. Bxc2 Rxc2 36. a4 Rc5 37. g3 Ra5 38. Ke3 Rxa4 39. h5 Ra3+ 40. Kf2 Kf7
41. Kg2 c5 42. Kh3 c4 43. Kg2 c3 44. Kh2 c2 0-1

[Event "AUTO-OPEN-4057"]
[Site "http://www.queenalice.com/game.php?id=1570619"]
[Date "2019.5.12"]
[Round "1"]
[White "FabioDavid"]
[Black "lafaiete777"]
[Result "0-1"]
[WhiteElo "2408"]
[BlackElo "1384"]

1. b3 e5 2. Bb2 f6 3. c4 d6 4. d4 Nc6 5. d5 Na5 6. Nc3 b6 7. e4 Nh6 8. Bd3 g5 9.
Nge2 Bg7 10. Ng3 Nb7 11. Qh5+ Nf7 12. h4 gxh4 13. Rxh4 Bh6 14. Nf5 Bxf5 15. Qxf5
Bg5 16. Rxh7 Rxh7 17. Qxh7 Ke7 18. b4 Qd7 19. Qf5 Rh8 20. Qxd7+ Kxd7 21. Ke2 Rh2
22. Rg1 Nfd8 23. Bc2 Nf7 24. Ba4+ Kc8 25. Nb5 Kb8 26. Nc3 Kc8 27. Bb5 Bh6 28. g3
Nbd8 29. Rf1 Ng5 30. a4 a5 31. bxa5 bxa5 32. Bc1 Ndf7 33. Be3 Nh7 34. Ba6+ Kd8
35. Ba7 f5 36. exf5 Nf6 37. Rb1 Ng5 38. Rb8+ Ke7 39. Rc8 Nfe4 0-1

[Event "AUTO-OPEN-4057"]
[Site "http://www.queenalice.com/game.php?id=1570620"]
[Date "2019.5.12"]
[Round "1"]
[White "lafaiete777"]
[Black "luca77"]
[Result "1-0"]
[WhiteElo "1352"]
[BlackElo "1309"]

1. e4 e5 2. Nf3 d6 3. Nc3 Bg4 4. Be2 Be7 5. O-O Bxf3 6. Bxf3 Nh6 7. Re1 O-O 8.
d3 Nd7 9. Be3 Nf6 10. Bg5 a5 11. a4 Nd7 12. Be3 c6 13. d4 Nb6 14. Be2 exd4 15.
Qxd4 c5 16. Qd3 Bh4 17. Red1 Qf6 18. g3 Bg5 19. f4 c4 20. Qd2 Bxf4 21. Bxf4 Rae8
22. Qxd6 Qxd6 23. Bxd6 Re6 24. Bxf8 Kxf8 25. Rd8+ Ke7 26. Rb8 g6 27. Rxb7+ Nd7
28. Bxc4 Re5 29. Rd1 Ke8 30. Rdxd7 Ng4 31. Rxf7 Rc5 32. Rb8+ Rc8 33. Rxc8# 1-0

[Event "AUTO-OPEN-4057"]
[Site "http://www.queenalice.com/game.php?id=1570621"]
[Date "2019.5.12"]
[Round "1"]
[White "luca77"]
[Black "lafaiete777"]
[Result "0-1"]
[WhiteElo "1321"]
[BlackElo "1307"]

1. e4 e5 2. d4 Nc6 3. Nf3 Bb4+ 4. c3 Ba5 5. Bc4 Nf6 6. O-O O-O 7. Bg5 h6 8. Bxf6
gxf6 9. dxe5 fxe5 10. Qb3 d6 11. Nbd2 Bg4 12. Bd5 Bb6 13. Rae1 Ne7 14. h3 Bc8
15. Nh4 Nxd5 16. Qxd5 Qxh4 17. Nf3 Qh5 18. Kh2 Kh7 19. g4 Bxg4 20. Kg2 Qxh3+ 21.
Kg1 Qg3+ 22. Kh1 Bxf3# 0-1

[Event "AUTO-OPEN-4062"]
[Site "http://www.queenalice.com/game.php?id=1572245"]
[Date "2019.5.25"]
[Round "1"]
[White "junipero"]
[Black "lafaiete777"]
[Result "0-1"]
[WhiteElo "2119"]
[BlackElo "1272"]

1. d4 d5 2. c4 e6 3. e3 Nf6 4. a3 Be7 5. Nc3 O-O 6. b4 a5 7. bxa5 c5 8. dxc5
Rxa5 9. cxd5 Rxc5 10. Bb2 Nxd5 11. Nxd5 Rxd5 12. Qc2 Rc5 13. Qb3 Qa5+ 14. Qb4
Qxb4+ 15. axb4 Rc2 16. Ba3 Bf6 17. Rb1 Bc3+ 18. Kd1 Ra2 19. Bc1 Rd8+ 0-1

[Event "AUTO-OPEN-4062"]
[Site "http://www.queenalice.com/game.php?id=1572246"]
[Date "2019.5.25"]
[Round "1"]
[White "lafaiete777"]
[Black "junipero"]
[Result "1-0"]
[WhiteElo "1100"]
[BlackElo "2119"]

1. e4 c5 2. Nf3 Nc6 3. Nc3 d6 4. Bb5 Bd7 5. Bxc6 Bxc6 6. d4 cxd4 7. Nxd4 Bd7 8.
O-O e5 9. Nf5 Bc6 10. Qd3 Nf6 11. Rd1 d5 12. Qg3 Qb8 13. Nxg7+ Ke7 14. Nf5+ Ke6
15. exd5+ Nxd5 16. Qh3 Nxc3 17. Ng7+ Kf6 18. Qh4+ Kxg7 19. Qg5# 1-0

[Event "AUTO-OPEN-4062"]
[Site "http://www.queenalice.com/game.php?id=1572275"]
[Date "2019.5.25"]
[Round "1"]
[White "lafaiete777"]
[Black "pestiferous"]
[Result "1-0"]
[WhiteElo "1349"]
[BlackElo "2114"]

1. e4 e6 2. Nf3 d5 3. exd5 exd5 4. d4 Nc6 5. Bd3 Bd6 6. O-O Bg4 7. c3 Qd7 8.
Re1+ Nge7 9. Na3 a6 10. Nc2 O-O 11. Ne3 Nd8 12. Nxg4 Qxg4 13. Bxh7+ Kh8 14. h3
Qh5 15. Bc2 Ne6 16. Qd3 Ng6 17. Rxe6 Bf4 18. Rxg6 1-0

[Event "AUTO-OPEN-4062"]
[Site "http://www.queenalice.com/game.php?id=1572276"]
[Date "2019.5.25"]
[Round "1"]
[White "pestiferous"]
[Black "lafaiete777"]
[Result "0-1"]
[WhiteElo "2114"]
[BlackElo "1384"]

1. c4 e5 2. g3 Nf6 3. Bg2 Nc6 4. Nc3 Bb4 5. Nf3 O-O 6. O-O d6 7. e3 Bxc3 8. bxc3
e4 9. Nd4 Ne5 10. Ba3 c5 11. Ne2 Bg4 12. h3 Be6 13. f4 exf3 14. Bxf3 Bxh3 15.
Rf2 Nxf3+ 16. Rxf3 Re8 17. d3 Bg4 0-1

[Event "AUTO-OPEN-4062"]
[Site "http://www.queenalice.com/game.php?id=1572277"]
[Date "2019.5.25"]
[Round "1"]
[White "lafaiete777"]
[Black "Pagano"]
[Result "1-0"]
[WhiteElo "1349"]
[BlackElo "2177"]

1. e4 a6 2. d4 e6 3. Nf3 b5 4. a4 Bb7 5. Bd3 b4 6. O-O c5 7. Re1 cxd4 8. Nxd4
Nc6 9. Nxc6 Bxc6 10. Nd2 Nf6 11. e5 Nd5 12. Ne4 Be7 13. Qg4 g6 14. Bh6 Qc7 15.
Qg3 f5 16. Nd6+ Bxd6 17. exd6 Qb8 18. Bxf5 gxf5 19. Qg7 Qxd6 20. Qxh8+ Ke7 21.
Bg5+ Kf7 22. Qxh7+ Ke8 23. Qg6+ Kf8 24. Rad1 Re8 25. Bh6+ 1-0

[Event "AUTO-OPEN-4062"]
[Site "http://www.queenalice.com/game.php?id=1572278"]
[Date "2019.5.25"]
[Round "1"]
[White "Pagano"]
[Black "lafaiete777"]
[Result "0-1"]
[WhiteElo "2177"]
[BlackElo "1349"]

1. e4 e5 2. f4 exf4 3. Nf3 g5 4. Bc4 Nc6 5. d4 g4 6. O-O gxf3 7. Qxf3 Qe7 8.
Bxf4 Nxd4 9. Qg3 Ne6 10. Be5 d6 11. Bxh8 Nh6 12. Nc3 Qg5 13. Qxg5 Nxg5 14. Nd5
Ne6 15. Rf2 Ng4 16. Rd2 c6 17. Nf6+ Nxf6 18. Bxf6 Nc5 19. e5 d5 20. Rad1 Ne4 21.
Rd3 Bg4 22. Bxd5 cxd5 23. Rxd5 Nxf6 0-1

[Event "AUTO-BEG-664"]
[Site "http://www.queenalice.com/game.php?id=1572431"]
[Date "2019.5.26"]
[Round "1"]
[White "DougChess1"]
[Black "lafaiete777"]
[Result "0-1"]
[WhiteElo "994"]
[BlackElo "1272"]

1. e4 e5 2. Nf3 Nf6 3. Bc4 Nxe4 4. Nxe5 d5 5. Qe2 Bc5 6. O-O O-O 7. b3 Bd4 8. c3
Bxe5 9. d3 Bxc3 10. Nxc3 Nxc3 11. Qc2 d4 12. Bb2 Nc6 13. Bxc3 dxc3 14. Rad1 Nd4
15. Qxc3 Ne2+ 0-1

[Event "AUTO-BEG-664"]
[Site "http://www.queenalice.com/game.php?id=1572432"]
[Date "2019.5.26"]
[Round "1"]
[White "lafaiete777"]
[Black "DougChess1"]
[Result "1-0"]
[WhiteElo "1349"]
[BlackElo "994"]

1. e4 e5 2. Nf3 Nc6 3. Bb5 Bc5 4. c3 d5 5. Nxe5 Be6 6. Nxc6 Bxf2+ 7. Kxf2 Qf6+
8. Kg1 Bd7 9. Nd4 Bxb5 10. Nxb5 Qb6+ 11. Nd4 dxe4 12. Na3 O-O-O 13. Qg4+ Kb8 14.
Qxg7 Ne7 15. Qxf7 Rhf8 16. Qxe7 c5 17. Ndc2 c4+ 18. Nd4 Rxd4 19. Qxf8+ Rd8+ 20.
Qf2 e3 21. Qg3+ Ka8 22. Nxc4 exd2+ 23. Nxb6+ 1-0

[Event "AUTO-BEG-664"]
[Site "http://www.queenalice.com/game.php?id=1572443"]
[Date "2019.5.26"]
[Round "1"]
[White "chikalas"]
[Black "lafaiete777"]
[Result "0-1"]
[WhiteElo "1112"]
[BlackElo "1376"]

1. d4 Nf6 2. Nc3 d5 3. e3 e6 4. Nf3 c5 5. dxc5 Bxc5 6. Bd3 Nc6 7. O-O e5 8. Bb5
e4 9. Bxc6+ bxc6 10. h3 exf3 11. Qxf3 Qe7 12. Nd1 O-O 13. a3 Ne4 14. b4 Bd6 15.
Bb2 Qg5 16. Nc3 Qe5 17. g3 Nxc3 18. Rae1 Bxh3 19. Bxc3 Qxc3 20. g4 Bxf1 21. Rxf1
Rfb8 22. Rc1 Qxa3 23. c3 Qxc1+ 24. Kg2 Qxc3 25. g5 Qe5 26. Qg4 Rxb4 27. Qd7 Qe4+
28. f3 Rb2+ 29. Kf1 Qb1# 0-1

[Event "AUTO-BEG-664"]
[Site "http://www.queenalice.com/game.php?id=1572444"]
[Date "2019.5.26"]
[Round "1"]
[White "lafaiete777"]
[Black "chikalas"]
[Result "1-0"]
[WhiteElo "1287"]
[BlackElo "1070"]

1. e4 e5 2. Nf3 d6 3. d4 exd4 4. Nxd4 Nf6 5. Nc3 c5 6. Bb5+ Bd7 7. Nf5 Qc7 8.
Bg5 Ng4 9. Qxg4 a6 10. Bxd7+ Qxd7 11. Nd5 Qb5 12. Nxd6+ Bxd6 13. Qc8# 1-0

[Event "AUTO-OPEN-4062"]
[Site "http://www.queenalice.com/game.php?id=1584654"]
[Date "2019.9.25"]
[Round "2"]
[White "lafaiete777"]
[Black "lmtz"]
[Result "0-1"]
[WhiteElo "1384"]
[BlackElo "2361"]

1. e4 c5 2. Nf3 d6 3. d4 cxd4 4. Nxd4 Nf6 5. Nc3 a6 6. Bg5 e6 7. f4 Nbd7 8. Qf3
Qc7 9. O-O-O b5 10. a3 Bb7 11. g4 Be7 12. Bxb5 axb5 13. Bxf6 Nxf6 14. g5 Nd7 15.
Ncxb5 Qb6 16. h4 Nc5 17. Rhe1 O-O 18. f5 Rfc8 19. fxe6 fxe6 20. b4 Nd7 21. Qb3
d5 0-1

[Event "AUTO-OPEN-4062"]
[Site "http://www.queenalice.com/game.php?id=1584655"]
[Date "2019.9.25"]
[Round "2"]
[White "lmtz"]
[Black "lafaiete777"]
[Result "1-0"]
[WhiteElo "2360"]
[BlackElo "1384"]

1. e4 e5 2. Nf3 Nc6 3. Bb5 Nf6 4. O-O Nxe4 5. d4 Be7 6. Qe2 Nd6 7. Bxc6 bxc6 8.
dxe5 Nf5 9. c4 O-O 10. Nc3 Nh4 11. Nxh4 Bxh4 12. Be3 Bg5 13. f4 Be7 14. Rad1 f5
15. Rf3 a5 16. Rh3 Qe8 17. Qc2 d6 18. Bd4 Qf7 19. b3 Re8 20. Ne2 c5 21. Bb2 a4
22. Nc3 1-0

[Event "AUTO-OPEN-4062"]
[Site "http://www.queenalice.com/game.php?id=1584656"]
[Date "2019.9.25"]
[Round "2"]
[White "lafaiete777"]
[Black "jlpbarreto"]
[Result "1-0"]
[WhiteElo "1384"]
[BlackElo "1894"]

1. e4 e5 2. Nf3 Nf6 3. Nxe5 d6 4. Nf3 Nxe4 5. d4 d5 6. Bd3 Nf6 7. O-O Be7 8. c4
O-O 9. Nc3 c6 10. Re1 h6 11. Qb3 Re8 12. Bd2 Nbd7 13. cxd5 cxd5 14. Nxd5 Nxd5
15. Qxd5 Kf8 16. Bc4 1-0

[Event "AUTO-OPEN-4062"]
[Site "http://www.queenalice.com/game.php?id=1584657"]
[Date "2019.9.25"]
[Round "2"]
[White "jlpbarreto"]
[Black "lafaiete777"]
[Result "0-1"]
[WhiteElo "1894"]
[BlackElo "1384"]

1. g4 d5 2. Bg2 Nc6 3. h3 e5 4. Nc3 Be6 5. d3 h5 6. g5 Nge7 7. e4 d4 8. Nd5 Nxd5
9. exd5 Bxd5 10. Bxd5 Qxd5 11. Qf3 Qc5 12. Qe2 f6 13. f4 Kd7 14. Nf3 exf4 15.
O-O fxg5 16. Bd2 g4 0-1

[Event "AUTO-OPEN-4062"]
[Site "http://www.queenalice.com/game.php?id=1584658"]
[Date "2019.9.25"]
[Round "2"]
[White "lafaiete777"]
[Black "Ron39"]
[Result "0-1"]
[WhiteElo "1384"]
[BlackElo "2183"]

1. e4 e5 2. Nf3 Nf6 3. d4 Nxe4 4. Bd3 d5 5. Nxe5 Nf6 6. O-O Bd6 7. Bf4 O-O 8.
Nd2 Nbd7 9. Re1 Re8 10. h3 c5 11. c3 Nb6 12. dxc5 Bxc5 13. Qf3 Be6 14. Nb3 Bd6
15. Nd4 Bxe5 0-1

[Event "AUTO-OPEN-4062"]
[Site "http://www.queenalice.com/game.php?id=1584659"]
[Date "2019.9.25"]
[Round "2"]
[White "Ron39"]
[Black "lafaiete777"]
[Result "1-0"]
[WhiteElo "2184"]
[BlackElo "1384"]

1. e4 e5 2. d4 exd4 3. Qxd4 Nc6 4. Qe3 Nf6 5. Bd2 Be7 6. Nc3 O-O 7. Bc4 Ng4 8.
Qg3 d6 9. h4 Bf6 10. O-O-O Bd7 11. f4 h5 12. Be2 Re8 13. Bf3 Nb4 14. Kb1 g6 15.
a3 Na6 16. Nd5 Nc5 17. Nxf6+ 1-0